Ord i U.S delstater - Statistics

General Stats
  • This quiz has been taken 184 times
  • The average score is 8 of 15
Answer Stats
Ord Staten % Correct
Massa Massachusetts
89%
Minne Minnesota
87%
Del Delaware
81%
Ark Arkansas
76%
Rida Florida
65%
Ont Vermont
65%
Rask Nebraska
53%
Vad Nevada
47%
Bra Nebraska
46%
Ton Washington
38%
Ett Massachusetts
34%
Sot Minnesota
32%
Ego Oregon
32%
Ode Rhode Island
23%
Hus Massachusetts
20%
No matching quizzes found
Score Distribution
Percent of People with Each Score
Percentile by Number Answered
Your Score History
You have not taken this quiz